[Event "Aragon-ch"]
[Site "Zaragoza"]
[Date "2022.08.30"]
[Round "4.5"]
[White "Tiestos Sanchez, Javier"]
[Black "Vela Frago, Alberto"]
[Result "0-1"]
[WhiteElo "1597"]
[BlackElo "2232"]
[PlyCount "64"]
[EventDate "2022.08.27"]
[EventType "swiss"]
[EventRounds "7"]
[EventCountry "ESP"]
[SourceTitle "EXT 2024"]
[Source "ChessBase"]
[SourceDate "2023.10.10"]
[SourceVersion "1"]
[SourceVersionDate "2023.10.10"]
[SourceQuality "1"]

1. d4 Nf6 2. Nf3 e6 3. c4 d5 4. Nc3 Be7 5. Bg5 Nbd7 6. e3 0-0 7. cxd5 exd5 8. Bd3 h6 9. Bh4 Re8 10. h3 a6 11. 0-0 b6 12. Rc1 Bb7 13. Qc2 Nh5 14. Bxe7 Qxe7 15. Ne2 Rac8 16. Qa4 Nhf6 17. Rc2 c5 18. dxc5 bxc5 19. Nd2 g6 20. Rc3 d4 21. exd4 Nd5 22. Rb3 Nb4 23. Ng3 Bd5 24. Rc3 Nxa2 25. Rc2 Nb4 26. Rc3 Bc6 27. Qa3 cxd4 28. Rcc1 Nxd3 29. Qxd3 Bb5 30. Nc4 Bxc4 31. Rxc4 Ne5 32. Re1 Rxc4 0-1